[Event "USA tt"]
[Site "ICC INT"]
[Date "2012.09.19"]
[Round "3"]
[White "Smith, Shaun"]
[Black "Goldberg, Benjamin"]
[Result "1-0"]
[WhiteElo "1936"]
[BlackElo "2110"]
[PlyCount "83"]
[EventDate "2012.09.04"]
[EventType "team-tourn"]
[EventRounds "10"]
[EventCountry "USA"]
[SourceTitle "CBM 150 Extra"]
[Source "ChessBase"]
[SourceDate "2012.10.19"]
[SourceVersion "1"]
[SourceVersionDate "2012.10.19"]
[SourceQuality "1"]
[WhiteTeam "Manhattan"]
[BlackTeam "New England"]
[WhiteTeamCountry "USA"]
[BlackTeamCountry "USA"]

1. Nf3 Nf6 2. c4 e6 3. d4 d5 4. Nc3 Be7 5. cxd5 exd5 6. Bg5 c6 7. e3 Bf5 8. Bd3 Bxd3 9. Qxd3 0-0 10. Nd2 Re8 11. 0-0 Nbd7 12. Rac1 Nf8 13. Bxf6 Bxf6 14. b4 a6 15. a4 Be7 16. b5 axb5 17. axb5 Bd6 18. bxc6 bxc6 19. Ra1 Qh4 20. Nf3 Qh5 21. Rxa8 Rxa8 22. Rc1 Re8 23. Nb1 Re6 24. Nbd2 Rg6 25. g3 Bb4 26. Kg2 Rh6 27. Nf1 Qh3+ 28. Kg1 Rf6 29. Ne5 Bd6 30. Nxc6 h5 31. Ne5 h4 32. Qc2 Ne6 33. Qc6 Ng5 34. Qc8+ Kh7 35. f4 Qxc8 36. Rxc8 Ne4 37. Rd8 h3 38. Ng4 Re6 39. Nf2 Nxf2 40. Kxf2 Kg6 41. g4 f5 42. Ng3 1-0

[Event "USA tt"]
[Site "ICC INT"]
[Date "2011.09.06"]
[Round "2"]
[White "Williams, Justus D"]
[Black "Goldberg, Benjamin"]
[Result "0-1"]
[WhiteElo "2186"]
[BlackElo "2061"]
[PlyCount "78"]
[EventDate "2011.08.29"]
[EventType "team-tourn"]
[EventRounds "10"]
[EventCountry "USA"]
[SourceTitle "CBM 144 Extra"]
[Source "ChessBase"]
[SourceDate "2011.10.28"]
[SourceVersion "1"]
[SourceVersionDate "2011.10.28"]
[SourceQuality "1"]
[WhiteTeam "New York Knights"]
[BlackTeam "New England"]
[WhiteTeamCountry "USA"]
[BlackTeamCountry "USA"]

1. Nf3 Nf6 2. c4 g6 3. Nc3 d5 4. cxd5 Nxd5 5. e4 Nxc3 6. dxc3 Qxd1+ 7. Kxd1 Nd7 8. Bf4 Nc5 9. Nd2 Ne6 10. Be3 Bg7 11. Kc2 0-0 12. h4 h5 13. f3 Rd8 14. Be2 Be5 15. Bf2 Bd6 16. Nb3 Bd7 17. a4 Nf4 18. Bf1 e5 19. g3 Ne6 20. Be3 a5 21. Be2 Kf8 22. Rhf1 Bc6 23. Bc4 Ke7 24. Bd5 Bxd5 25. exd5 Ng7 26. g4 Rh8 27. Rae1 Kd7 28. Bg5 Ne8 29. f4 exf4 30. Bxf4 hxg4 31. Bxd6 Nxd6 32. Nc5+ Kd8 33. Ne4 Nxe4 34. Rxe4 f5 35. Re6 Ra6 36. Rxa6 bxa6 37. Rh1 Rh5 38. Kd3 g5 39. Ke3 Rxh4 0-1

[Event "Northeast Spring Getaway"]
[Site "Lowell"]
[Date "2003.05.04"]
[Round "4"]
[White "Curdo, John"]
[Black "Goldberg, Benjamin"]
[Result "1-0"]
[WhiteElo "2252"]
[BlackElo "2019"]
[PlyCount "41"]
[EventDate "2003.??.??"]
[EventType "swiss"]
[EventRounds "5"]
[EventCountry "USA"]
[SourceTitle "EXT 2005"]
[Source "ChessBase"]
[SourceDate "2004.11.15"]
[SourceVersion "1"]
[SourceVersionDate "2004.11.15"]
[SourceQuality "1"]

1. e4 e6 2. d4 d5 3. Nc3 Nf6 4. e5 Nfd7 5. f4 c5 6. Nf3 Nc6 7. Be3 a6 8. Bd3 b5 9. a3 Qb6 10. 0-0 cxd4 11. Bf2 b4 12. Na4 Qa5 13. axb4 Qxb4 14. Nxd4 Nxd4 15. c3 Qb3 16. cxd4 Qxd1 17. Rfxd1 Bb4 18. f5 0-0 19. Rdc1 a5 20. Rc7 Re8 21. Bb5 1-0